Responses for show #8320 - Friday, January 22, 2021

Brian Chang game 4.

Contestants

[<< previous game]

Jack Weller, a law student from Stanford, California

Maggie Houska, a prospect researcher from Chanhassen, Minnesota

Brian Chang, an attorney from Chicago, Illinois (whose 3-day cash winnings total $50,502)

[next game >>]

Jeopardy! Round responses

SECRETARIES OF STATE
9-LETTER WORDS
EXTREME LAKES
DISASTROUS TEAMS?
THE BRITISH PANTRY
COLLECTING
    $200 3
(Jack: Who is James Madison?)

John Quincy Adams

Jack
Triple Stumper
    $200 21
(Brian: What are consonants?)
...
(Ken: Yeah, sorry, the plural is 10 letters.)

a consonant

BrianJack
    $200 2
Los Angeles

Jack
    $200 30
hurricanes

Brian
    $200 8
tinned

Maggie
    $200 22
(Ken: Right, there are [*] collectors apparently.)

corkscrews

Brian
    $400 4
(Maggie: Who is Albright?)

HIllary Clinton

MaggieJack
    $400 15
tangerine

Brian
    $400 18
Antarctica

Brian
    $400 29
an avalanche

Maggie
    $400 9
cider

Maggie
    $400 24
(Teddy) bears

Brian
    $600 5
(Jack: Who is Roosevelt?)
(Ken: Which one?)

Franklin Roosevelt

Jack
    $600 13
etiquette

Brian
    $600 16
Jellyfish (Lake)

Brian
    $600 28
the Phoenix Mercury

Triple Stumper
    $600 10
corn starch

Maggie
    $600 23
Superman

Maggie
    $800 6
Marshall

Jack
    $800 12
dehydrate

Brian
    $800 14
methane

Maggie
    $800 26
the Earthquakes

Brian
    $800 11
cilantro

Brian
    $800 17
(Maggie: What is the...)

the Medal of Honor

MaggieJack
    $1000 7
Van Buren

Jack
    $1000 1
capsaicin

Maggie
    $1000 20
New Zealand

Jack
    $1,000 27
Crimson Tide

Brian
    $1000 25
Scones

Brian
    $1000 19
(Brian: What is a nautilologist?)

a conchologist

Brian
Triple Stumper

Scores at the first commercial break (after clue 15):

Brian Maggie Jack
$2,600 $2,600 $2,800

Scores at the end of the Jeopardy! Round:

Brian Maggie Jack
$6,000 $2,800 $4,800

Double Jeopardy! Round responses

DUNGEONS & DRAGONS
5 "E"
HAVE YOU HEARD MY THIRD?
LIT-POURRI
PLANE SPOKEN
BRUCE WILLIS MOVIE QUOTES
(Ken: We'll give you the quote; you respond with the name of the movie.)
    $400 5
scales

Brian
    $400 3
ebony

Brian
    $400 12
free

Jack
    $400 13
Moscow

Brian
    $400 27
spoiler

Triple Stumper
    $400 1
Die Hard

Brian
    $800 16
Vlad the Impaler

Maggie
    $800 10
equip

Brian
    $800 11
the orchestra

Brian
    $800 17
Atonement

Jack
    $800 26
(Maggie: What is a B-52?)

U-2

Maggie
Triple Stumper
    $800 15
The Sixth Sense

Maggie
    $4,000 21
Florence

Jack
    $1200 8
ethos

Brian
    $1200 9
Tchaikovsky

Brian
    $4,000 18
(Thomas) Cromwell

Jack
    $1200 25
a parachute

Brian
    $1200 28
Pulp Fiction

Maggie
    $1600 22
the Inquisition

Jack
    $1600 7
embed

Brian
    $1600 4
(Brian: What is the Soviet Union?)

China

BrianJack
    $1600 20
Artemis Fowl

Jack
    $1600 14
the Concorde

Maggie
    $1600 29
Unbreakable

Maggie
    $2000 23
a Hydra

Brian
    $2000 6
elegy

Brian
    $2000 2
Aaron Copland

Maggie
    $2000 19
The Pillars of the Earth

Triple Stumper
    $2000 24
Harrier

Brian
    $2000 30
12 Monkeys

Triple Stumper

Scores at the end of the Double Jeopardy! Round:

Brian Maggie Jack
$18,800 $10,000 $18,800

[wagering suggestions for these scores]

Final Jeopardy! Round responses

STATUES
(Ken: [To Jack] That's right; killed on the beach in Hawaii.)
MaggieWho is Crispus Attucks?
$10,000
JackWho is Captain Cook?
$18,800
BrianWho is Cook?
$18,800
(Captain) Cook

Tiebreaker Round responses

HISTORY
Lenin

Brian

Final scores:

Brian Maggie Jack
$37,600 $0 $37,600
4-day champion: $88,102 3rd place: $1,000 2nd place: $2,000

Game dynamics:

Coryat scores:

Brian Maggie Jack
$18,800 $10,000 $13,200
25 R
(including 1 DD),
3 W
13 R,
3 W
15 R
(including 2 DDs),
1 W

Combined Coryat: $42,000

The J! Archive is created by fans, for fans. The Jeopardy! game show and all elements thereof, including but not limited to copyright and trademark thereto, are the property of Jeopardy Productions, Inc. and are protected under law. This website is not affiliated with, sponsored by, or operated by Jeopardy Productions, Inc. Join the discussion at JBoard.tv.